000 00960cam a2200325Ia 4500
001 99594
005 20230410142336.0
008 930521s1968 ag b 000 0 spa d
035 _a(OCoLC)ocm28142064
040 _aPBR
_cPBR
_dOCLCG
035 _a(OCoLC)28142064
041 1 _aspa
_heng
049 _aGRAL
050 1 4 _aBT 304.97
_bB154d 1968
082 0 0 _a232
100 1 _aBailey, Alice,
_d1880-1949.
245 1 0 _aDe Belén al Calvario :
_blas iniciaciones de Jesús /
_cAlice A. Bailey.
250 _a1. ed. en español.
260 _aBuenos Aires :
_bKier,
_c1968.
300 _a293 p. ;
_c24 cm.
500 _aTranslation of: From Bethlehem to Calvary : the initiations of Jesus.
504 _aIncludes bibliographical references.
600 0 0 _aJesus Christ
_xTheosophical interpretations.
600 0 4 _aJesucristo.
650 4 _aCFB
650 4 _aColección Font Bernard
942 _2lcc
_cbk
994 _aC0
_bDRFGD
946 _aJPR
999 _c93907
_d93907